| 000 | 00538nam a22001817a 4500 | ||
|---|---|---|---|
| 005 | 20240920141214.0 | ||
| 008 | 240918b |||||||| |||| 00| 0 eng d | ||
| 020 | _a978-93-89627-62-6 | ||
| 041 | _aeng | ||
| 082 | _a615.321 | ||
| 100 |
_aARUNACHALAM, DR.G. & CHRISTI, DR. V.E.IDA AND KUMAR, DR. PRASHANT _98537 |
||
| 245 | _aHERBAL DRUG TECHNOLOGY [ B. PHARMA, 6TH SEMESTER ] | ||
| 250 | _a1ST RE-PRINT ED. 2023 | ||
| 260 |
_aLUCKNOW _bTHAKUR PUBLICATION PVT.LTD |
||
| 300 | _a264'P | ||
| 650 |
_aPHARMACY _xB.PHARMA |
||
| 942 | _cBK | ||
| 999 |
_c8666 _d8664 |
||